Predikcia prebytku poisťovne pre konkrétne portfólio poistných zmlúv
Ohodnotenie rizika a stanovenie ceny produktu tak, aby nevznikli straty, ale naopak, aby bol vytvorený prebytok. Model prebytku.
Salvato in:
| Autore principale: | |
|---|---|
| Altri autori: | |
| Natura: | Capitolo di libro |
| Lingua: | slovacco |
| Soggetti: | |
| Tags: |
Nessun Tag, puoi essere il primo ad aggiungerne!!
|
MARC
| LEADER | 00000naa$a2200000$$$4500 | ||
|---|---|---|---|
| 001 | 0028601 | ||
| 005 | 20240502071431.8 | ||
| 041 | 0 | |a slo | |
| 044 | |a SK | ||
| 245 | 1 | 0 | |a Predikcia prebytku poisťovne pre konkrétne portfólio poistných zmlúv |c Galina Horáková, Vladimír Mucha |
| 520 | |a Ohodnotenie rizika a stanovenie ceny produktu tak, aby nevznikli straty, ale naopak, aby bol vytvorený prebytok. Model prebytku. | ||
| 610 | 2 | 0 | |a poisťovne |
| 610 | 2 | 0 | |a portfólio |
| 610 | 2 | 0 | |a zmluvy poistné |
| 610 | 2 | 0 | |a modely ekonomicko-matematické |
| 610 | 2 | 0 | |a matematika poistná |
| 100 | 1 | |a Horáková, Galina | |
| 700 | 1 | |a Mucha, Vladimír, 1976- | |